Sentence Skill with Readings

Sparad:
Bibliografiska uppgifter
Materialtyp: Bok
Taggar: Lägg till en tagg
Inga taggar, Lägg till första taggen!
Thư viện lưu trữ: Mạng thư viện Đại học Đà Nẵng
LEADER 00374nam a22001571a 4500
001 000035806
003 12098
005 20160318111220.0
008 160318s0 000
245 |a Sentence Skill with Readings 
OWN |a LNN 
999 |a From the UDN01 
TYP |a Monograph 
980 |a Mạng thư viện Đại học Đà Nẵng